000 00505nam a22002057a 4500
003 UA-OsUOA
001 12482
007 ta
008 20050523b un ||||| |||| 00| 0 ukr d
100 _aПовзиков Болеслав
942 _cSA
040 _aUA-OsUOA
_bukr
_cUA-OsUOA
_dUA-OsUOA
245 _aEXIF "на посылках"
300 _aС.84-86
955 _a0
041 _aukr
044 _aUA
773 0 _w0
_tЧип
_dКиїв
_d2005
_g№5
650 7 _aФотографія
_2UDC
999 _c298643
_d298643